000 00532nam a2200205Ia 4500
005 20250508165057.0
008 008 250505s9999 xx 000 0 hin d
037 _aTextual
040 _aFEDL
_beng
_cFEDL
041 _ahin
_2hin
084 _aB, GAN
_qFEDL
100 _aBalwant Singh
245 0 _aBappu ka ashram parivar
260 _aAhmedabad, India
_bNavjivan Prakashan Mandir
_c1972
300 _a384p.
365 _aINR
_b12.5
546 _aMACESE
942 _cTEXL
_hB, GAN
999 _c1393017
_d1393017